|
|
|
|
| LEADER |
01791cas a2200241 a 4500 |
| 001 |
AALejournalIMF016821 |
| 008 |
230101c9999 xx r poo 0 0eng d |
| 020 |
|
|
|c 5.00 USD
|
| 020 |
|
|
|z 9781484376003
|
| 022 |
|
|
|a 1934-7685
|
| 040 |
|
|
|a BD-DhAAL
|c BD-DhAAL
|
| 110 |
2 |
|
|a International Monetary Fund.
|b Asia and Pacific Dept.
|
| 245 |
1 |
0 |
|a Thailand :
|b Selected Issues.
|
| 264 |
|
1 |
|a Washington, D.C. :
|b International Monetary Fund,
|c 2016.
|
| 300 |
|
|
|a 1 online resource (36 pages)
|
| 490 |
1 |
|
|a IMF Staff Country Reports
|
| 500 |
|
|
|a <strong>Off-Campus Access:</strong> No User ID or Password Required
|
| 500 |
|
|
|a <strong>On-Campus Access:</strong> No User ID or Password Required
|
| 506 |
|
|
|a Electronic access restricted to authorized BRAC University faculty, staff and students
|
| 520 |
3 |
|
|a This paper discusses selected issues related to the economy of Thailand. The economy of Thailand is largely dependent on China. A 1 percent decline in China's GDP lowers Thailand's output by about 0.2 percent. Population aging is another major issue in Thailand. This Association of Southeast Asian Nations country will face the dual challenge of increasing the coverage of the social security system and ensuring its long-term sustainability. Thailand's financial sector has expanded rapidly over the last decade, and important changes in its structure have taken place. While corporate debt has remained broadly stable, household debt has increased to one of the highest levels among emerging markets, raising concerns about household debt overhang.
|
| 538 |
|
|
|a Mode of access: Internet
|
| 830 |
|
0 |
|a IMF Staff Country Reports; Country Report ;
|v No. 2016/140
|
| 856 |
4 |
0 |
|z Full text available on IMF
|u http://elibrary.imf.org/view/journals/002/2016/140/002.2016.issue-140-en.xml
|z IMF e-Library
|